Chemical Symbols that are also ISO Country Codes - Sudden Death - Statistics

General Stats
  • This quiz has been taken 36 times
  • The average score is 9 of 57
Answers on the Grid
Answers color-coded by a green-red scale on the quiz's grid according to % correct below.
Ac
Af
Ag
Al
Am
Ar
At
Au
Ba
Be
Bh
Bi
Br
Ca
Cd
Ce
Cf
Cl
Cm
Cn
Co
Cr
Cu
Db
Ds
Dy
Dz
Er
Es
Fe
Fm
Fr
Ga
Gd
Ge
He
Ho
Hr
Hu
In
Ir
Kr
La
Li
Lr
Lu
Lv
Ly
Md
Mg
Mn
Mt
Na
Nb
Ne
Ni
No
Np
Os
Pa
Po
Pt
Pu
Ra
Rn
Ru
Sb
Sc
Sd
Se
Sg
Si
Sm
Sn
So
Sr
Ta
Ti
Th
Tm
 
Answer Stats
Answer % Correct
Ag
56%
Be
48%
Ba
41%
Ca
41%
Au
37%
Al
33%
Br
33%
Ar
30%
Fr
30%
Am
26%
Bh
26%
Es
26%
Bi
22%
Cn
22%
Cr
22%
At
19%
Cd
19%
Cl
19%
Co
19%
Li
19%
Ga
15%
Ge
15%
Ni
15%
Pa
15%
Cf
11%
Cm
11%
Cu
11%
Ir
11%
Md
11%
Mg
11%
Pt
11%
Sn
11%
Er
7%
In
7%
La
7%
Lu
7%
Mn
7%
Mt
7%
Na
7%
No
7%
Ru
7%
Sb
7%
Sg
7%
Si
7%
Th
7%
Fm
4%
Gd
4%
Kr
4%
Lr
4%
Lv
4%
Ne
4%
Np
4%
Sc
4%
Se
4%
Sm
4%
Sr
4%
Tm
4%
No matching quizzes found
Score Distribution
Percent of People with Each Score
Percentile by Number Answered
Your Score History
You have not taken this quiz